|
|
|
|
| LEADER |
00000cam a2200000 7i4500 |
| 001 |
0000018130 |
| 005 |
20080603.0 |
| 008 |
030608 |
| 020 |
|
|
|a 8178884887
|
| 090 |
0 |
0 |
|a 370.1954
|b DAS
|
| 100 |
0 |
|
|a Dash, B.N.
|
| 245 |
1 |
4 |
|a Teacher in emerging Indian society
|c B.N. Dash
|
| 260 |
|
|
|a New Delhi :
|b Dominant Publishers And Distributors ,
|c 2007
|
| 650 |
|
0 |
|a Education
|z India
|
| 650 |
|
0 |
|a Teachers and community
|z India
|
| 650 |
|
0 |
|a Teachers
|z India
|
| 999 |
|
|
|a 0001020321
|b Book
|c Adult Collection
|e Perbadanan Perpustakaan Awam Johor
|
| 999 |
|
|
|a 0001020322
|b Book
|c Adult Collection
|e Cawangan Muar
|